| 000 | 01701nam a2200241 a 4500 | ||
|---|---|---|---|
| 005 | 20180803165405.0 | ||
| 008 | 140129b2007 ck ||||| |||| 00| 0 spa d | ||
| 041 | _aspa | ||
| 044 | _ack | ||
| 090 |
_aIAVH _b01014 |
||
| 245 | _aCalendario Ambiental Corredor Biológico Río Blanco - Torre IV ( Cuenca Alta del Río Chinchiná) | ||
| 260 |
_aBogotá _bInstituto Alexander von Humboldt _bCoorpocaldas _bFundación Pangea _bPROCUENCA _bFAO _c2007 |
||
| 300 | _a28 p. | ||
| 520 | _aEl calendario Ambiental 2008 - 2009 Corredor Biológico Río Blanco - Torre IV (Cuenca Alta del Río Chinchiná), hace parte de las socialización de los resultados del proceso de conservación del recurso hídrico en la Cuenca Alta del río Chinchiná, que permitió establecer el corredor biológico entre las resevas forestales Chec, Torre IV y Río Blanco y cuyo resultado fue la caracterización biológica y socio-económica de una ventana de 2.500 hectáreas en la cuenca lata del río Chinchiná, generando la línea base biológica y socioeconómica fundamental para el desarrollo de la estrategia de conservación; a partir de lo cual se diseñaron las HMP, la elaboración del mapa del corredor que conectará a San Pablo con las reservas de Río Blanco, Torre IV, y la Chec y como primera fase de establecimiento del corredor biológico en la vereda el Paraíso, se aislaron 5.85 km. de quebradas y se establecieron 7 nuevas hectáreas de conservación. | ||
| 650 |
_aCalendario _95729 |
||
| 650 |
_aCorredor Biológico _95019 |
||
| 650 |
_aSocialización _95730 |
||
| 650 |
_aHMP _92851 |
||
| 650 |
_aConservación _992401 |
||
| 650 |
_aRecurso hídrico _93128 |
||
| 942 |
_cCD-ROM _2z |
||
| 945 | _d2008-09-24 | ||
| 999 |
_c6609 _d6609 |
||